| 000 | 00974nam a22002897a 4500 | ||
|---|---|---|---|
| 001 | 351 | ||
| 003 | FISKH | ||
| 005 | 20230328143841.0 | ||
| 008 | 230328b cb ||||| |||| 00| 0 eng d | ||
| 020 | _a9780590979399 | ||
| 040 |
_aDLC _beng _cDLC _erda _dFISKH |
||
| 050 | 0 | 0 |
_aPZ7.L6634 _bFo 2017 |
| 082 | 0 | 0 |
_a823.9 _223 |
| 100 | 1 |
_aLionni, Leo, _d1910-1999, _eauthor, _eillustrator. |
|
| 245 | 1 | 0 |
_aFrederick / _cLeo Lionni. |
| 250 | _aA trumpet club special edition | ||
| 264 | 1 |
_aNew York : _bScholastic _c1967 |
|
| 300 |
_a14 leaves of plates. _bchiefly color illustrations ; _c23 cm. |
||
| 505 | _aK | ||
| 520 | _aWhile the other field mice gather food, Frederick, the poet mouse, stores up something special for the long cold winter. | ||
| 521 | 8 |
_a590
_bLexile |
|
| 521 | 8 |
_aK
_bRaz-Plus |
|
| 650 | 1 |
_aMice _vFiction. |
|
| 906 |
_a7 _bcbc _corigcop _d2 _encip _f20 _gy-gencatlg |
||
| 942 |
_2ddc _cBK _n0 |
||
| 999 |
_c351 _d351 |
||